| 000 | 00716nam a22002297a 4500 | ||
|---|---|---|---|
| 005 | 20230201124811.0 | ||
| 008 | 230201b ||||| |||| 00| 0 eng d | ||
| 040 | _cAL | ||
| 041 | _aeng | ||
| 082 |
_223 _a658.4 _bALLO |
||
| 100 |
_aAll India Institute of Management Studies _970439 |
||
| 245 | _aOrganisational Behaviour | ||
| 260 |
_aChennai _bAll India Institute of Management Studies _c? |
||
| 300 |
_a156p. _bPB _c23x17cm. |
||
| 365 | _2Management | ||
| 650 |
_aOrganisation and Its Psychology _970440 |
||
| 650 |
_aLeadership _970441 |
||
| 650 |
_aCommunication _970442 |
||
| 650 |
_aOrganisational Effectiveness _970443 |
||
| 700 |
_aALL INDIA INSTITUTE OF MANAGEMENT STUDIES _970444 |
||
| 942 |
_2ddc _cDB |
||
| 999 |
_c226515 _d226515 |
||